000
00298nam a22001337a 4500
008
170606b xxu||||| |||| 00| 0 eng d
020
_a
039395267-x
041
_a
eng
080
_2
4TH
_a
94
100
_a
18
101
_a
SHH
245
_a
A HISTORY OF WESTERN MUSIC
_c
GROUT,D.J
942
_2
udc
_c
BK
999
_c
15997
_d
15997